[Event "Politiken Cup 2007"]
[Site "Helsingor"]
[Date "2007.07.23"]
[Round "4.13"]
[White "Kleiman, Jake"]
[Black "Khenkin, Igor"]
[Result "0-1"]
[WhiteElo "2312"]
[BlackElo "2602"]
[PlyCount "84"]
[EventDate "2007.??.??"]

1. e4 c6 2. d4 d5 3. exd5 cxd5 4. c4 Nf6 5. Nc3 Nc6 6. Bg5 e6 7. cxd5 exd5 8.
Bb5 Be7 9. Nge2 h6 10. Bh4 O-O 11. O-O Bf5 12. Bxc6 bxc6 13. Rc1 Re8 14. Na4
Rc8 15. Re1 g5 16. Bg3 Nd7 17. Qd2 Bf8 18. Rcd1 Bg7 19. Nc1 Rxe1+ 20. Rxe1 c5
21. Nb3 cxd4 22. Nxd4 Bg6 23. Nb5 d4 24. Qb4 d3 25. h4 a5 26. Qd6 gxh4 27. Bf4
Nf6 28. Nac3 Qxd6 29. Bxd6 Ne4 30. Bf4 Nxc3 31. Nxc3 a4 32. Nxa4 Rc4 33. Nb6
Rxf4 34. Nd5 Rc4 35. Ne7+ Kh7 36. Nxg6 fxg6 37. Rd1 Bd4 38. Rxd3 Rc1+ 39. Kh2
Bxf2 40. Rd7+ Kg8 41. b4 Bg3+ 42. Kh3 h5 0-1

[Event "Politiken Cup 2007"]
[Site "Helsingor"]
[Date "2007.07.23"]
[Round "4.14"]
[White "Hagen, Andreas Skytte"]
[Black "Nyback, Tomi"]
[Result "1/2-1/2"]
[WhiteElo "2256"]
[BlackElo "2567"]
[PlyCount "57"]
[EventDate "2007.??.??"]

1. Nf3 Nf6 2. c4 e6 3. Nc3 d5 4. d4 dxc4 5. e4 Bb4 6. Bg5 b5 7. e5 h6 8. exf6
hxg5 9. fxg7 Rg8 10. a4 c6 11. g3 Bb7 12. Bg2 Nd7 13. O-O Qb6 14. Nxg5 Rxg7 15.
Qh5 Nf6 16. Qh8+ Bf8 17. axb5 cxb5 18. d5 O-O-O 19. dxe6 fxe6 20. Qh6 Bxg2 21.
Kxg2 Qb7+ 22. Kg1 Qe7 23. Nxb5 Rd5 24. Rxa7 Rgxg5 25. Rxe7 Bxh6 26. Na7+ Kd8
27. Nc6+ Kc8 28. Na7+ Kb8 29. Nc6+ 1/2-1/2

[Event "Politiken Cup 2007"]
[Site "Helsingor"]
[Date "2007.07.23"]
[Round "4.15"]
[White "Skovgaard, Peter"]
[Black "Godena, Michele"]
[Result "1/2-1/2"]
[WhiteElo "2256"]
[BlackElo "2547"]
[PlyCount "124"]
[EventDate "2007.??.??"]

1. e4 e5 2. Nf3 Nc6 3. Bb5 Bc5 4. c3 Nf6 5. O-O O-O 6. d4 Bb6 7. Bg5 h6 8. Bh4
d6 9. Bxc6 bxc6 10. dxe5 dxe5 11. Qa4 Qd6 12. Na3 Nd7 13. Qc4 Re8 14. Rfd1 Qe6
15. Qxe6 Rxe6 16. Nc4 f6 17. a4 Bc5 18. Nfd2 Ba6 19. b4 Bf8 20. f3 Nb6 21. Nxb6
cxb6 22. Nf1 Ree8 23. a5 c5 24. axb6 axb6 25. bxc5 bxc5 26. Ne3 Be2 27. Re1 Bd3
28. Red1 c4 29. Nd5 Rxa1 30. Rxa1 Rb8 31. Bf2 Rb3 32. h3 Ba3 33. h4 Kf7 34. Be3
Rb1+ 35. Rxb1 Bxb1 36. Kf2 f5 37. Nb6 fxe4 38. Nxc4 Be7 39. fxe4 Bxh4+ 40. Kf3
Ke6 41. Bd2 Bc2 42. Ne3 Ba4 43. c4 Bg5 44. Bc3 h5 45. c5 Be7 46. Nc4 Bd1+ 47.
Ke3 Bxc5+ 48. Kd2 Ba4 49. Nxe5 g5 50. Nf3 g4 51. Nd4+ Kf7 52. Ke3 Kf6 53. Kd3
Kg6 54. Be1 Be7 55. Kc4 Bd7 56. g3 Bc8 57. Nc6 Bf8 58. Kd4 Kf6 59. Bc3 Ke6 60.
Ke3 Bd6 61. Nd4+ Kf7 62. Ne2 Ba6 1/2-1/2

[Event "Politiken Cup 2007"]
[Site "Helsingor"]
[Date "2007.07.23"]
[Round "4.16"]
[White "Ringoir, Tanguy"]
[Black "Rohit, G."]
[Result "1-0"]
[WhiteElo "2208"]
[BlackElo "2470"]
[PlyCount "69"]
[EventDate "2007.??.??"]

1. e4 c5 2. Nc3 e6 3. g3 Nc6 4. Bg2 g6 5. d3 Bg7 6. f4 Nge7 7. Nf3 O-O 8. Be3
Nd4 9. O-O Rb8 10. e5 Nef5 11. Bf2 Nxf3+ 12. Bxf3 d6 13. Ne4 dxe5 14. Bxc5 exf4
15. Bxf8 Qxf8 16. Qd2 Bxb2 17. Rab1 Bd4+ 18. Kh1 Ne3 19. Rfe1 e5 20. c3 Bb6 21.
Nf6+ Kg7 22. Nd5 Nxd5 23. Bxd5 Qd6 24. c4 fxg3 25. Qg5 f6 26. Qxg3 Bd7 27. Qf3
Bc7 28. Re2 b6 29. Rbe1 Qc5 30. Qe3 Qxe3 31. Rxe3 f5 32. d4 e4 33. c5 bxc5 34.
dxc5 Rb5 35. Rc3 {resten mangler} 1-0

[Event "Politiken Cup 2007"]
[Site "Helsingor"]
[Date "2007.07.23"]
[Round "4.17"]
[White "Cmilyte, Viktorija"]
[Black "Andreasen, Per"]
[Result "1-0"]
[WhiteElo "2467"]
[BlackElo "2228"]
[PlyCount "79"]
[EventDate "2007.??.??"]

1. d4 g6 2. c4 Bg7 3. e4 d6 4. Nc3 e5 5. Be3 exd4 6. Bxd4 Nf6 7. f3 O-O 8. Nge2
Nc6 9. Be3 Ne5 10. Nf4 c6 11. h4 a6 12. h5 b5 13. c5 dxc5 14. h6 Bh8 15. Bxc5
Re8 16. Qxd8 Rxd8 17. Be2 Nfd7 18. O-O-O Bf6 19. Be3 Bb7 20. Nh3 Nf8 21. f4
Ned7 22. e5 Be7 23. Ne4 Ne6 24. Bf3 Nc7 25. Nd6 Bxd6 26. Rxd6 Nd5 27. Bf2 Nf8
28. Rxd8 Rxd8 29. Rd1 Ne6 30. g4 Nb4 31. Rxd8+ Nxd8 32. a3 Nd3+ 33. Kb1 Nxf2
34. Nxf2 Ne6 35. Nd3 Nd4 36. Bd1 Bc8 37. b4 Be6 38. Kb2 Bc4 39. Kc3 Ne6 40. f5
{time} 1-0

[Event "Politiken Cup 2007"]
[Site "Helsingor"]
[Date "2007.07.23"]
[Round "4.18"]
[White "Urkedal, Frode"]
[Black "Skytte, Rasmus"]
[Result "0-1"]
[WhiteElo "2235"]
[BlackElo "2416"]
[PlyCount "76"]
[EventDate "2007.??.??"]

1. d4 c5 2. d5 e5 3. e4 d6 4. f4 exf4 5. Bxf4 Nf6 6. Nc3 a6 7. Nf3 Bg4 8. Qe2
Nh5 9. Be3 Nd7 10. Qf2 Be7 11. O-O-O O-O 12. Be2 b5 13. e5 dxe5 14. d6 Bf6 15.
Ne4 Qa5 16. h3 Be6 17. Nfg5 Nf4 18. Nxf6+ Nxf6 19. Bxf4 exf4 20. Nxe6 fxe6 21.
Bf3 Rad8 22. Kb1 Qb6 23. b4 Nd5 24. Bg4 cxb4 25. Bxe6+ Kh8 26. Qxb6 Nxb6 27. d7
Na4 28. Rd6 Nc5 29. Re1 g6 30. Re5 Nxe6 31. Rexe6 Kg7 32. Re5 Rf7 33. Rxa6
Rdxd7 34. Kc1 f3 35. gxf3 Rxf3 36. h4 Rf1+ 37. Kb2 Rdd1 38. Re7+ Kf8 0-1

[Event "Politiken Cup 2007"]
[Site "Helsingor"]
[Date "2007.07.23"]
[Round "4.19"]
[White "Holst, Conny"]
[Black "Lund, Esben"]
[Result "0-1"]
[WhiteElo "2139"]
[BlackElo "2396"]
[PlyCount "114"]
[EventDate "2007.??.??"]

1. d4 Nf6 2. c4 e6 3. Nc3 d5 4. Bg5 Be7 5. e3 h6 6. Bh4 O-O 7. Nf3 b6 8. cxd5
exd5 9. Qc2 Be6 10. Bd3 c5 11. dxc5 bxc5 12. Rd1 Nbd7 13. h3 Qa5 14. O-O Rfd8
15. Rd2 Rac8 16. Rfd1 Qb4 17. Bf5 Qb7 18. Bxe6 fxe6 19. Bg3 Qc6 20. Bf4 Nh5 21.
Bh2 Nhf6 22. Bf4 Nh5 23. Bh2 Rf8 24. e4 d4 25. Na4 Nf4 26. Bxf4 Rxf4 27. b4
Qxe4 28. Qxe4 Rxe4 29. Nxc5 Nxc5 30. bxc5 Rxc5 31. Rxd4 Rxd4 32. Rxd4 Rc1+ 33.
Kh2 Bc5 34. Rd2 Kf8 35. g4 Ke7 36. Kg2 Bd6 37. Nd4 Rc4 38. Nb3 Bb4 39. Rd4 Rxd4
40. Nxd4 Bc5 41. Nb3 Kd6 42. g5 hxg5 43. Nxc5 Kxc5 44. Kg3 Kb4 45. f4 gxf4+ 46.
Kxf4 Ka3 47. h4 Kxa2 48. Ke5 a5 49. Kxe6 a4 50. Kf7 a3 51. Kxg7 Kb3 52. h5 a2
53. h6 a1=Q+ 54. Kg8 Qg1+ 55. Kf7 Qh2 56. Kg7 Qe5+ 57. Kg8 Qg5+ 0-1

[Event "Politiken Cup 2007"]
[Site "Helsingor"]
[Date "2007.07.23"]
[Round "4.20"]
[White "Brorsen, Jacob Abildlund"]
[Black "Blomqvist, Erik"]
[Result "0-1"]
[WhiteElo "1818"]
[BlackElo "2313"]
[PlyCount "40"]
[EventDate "2007.??.??"]

1. f4 c5 2. Nf3 Nc6 3. g3 g6 4. Bg2 Bg7 5. O-O Nf6 6. d3 d5 7. c3 O-O 8. Qc2 d4
9. e4 dxe3 10. Bxe3 Bf5 11. Rd1 c4 12. Ne1 Ng4 13. Bc5 Qa5 14. Bf2 Rfd8 15. Be4
Nxf2 16. Kxf2 Bxe4 17. dxe4 Rxd1 18. Qxd1 Qb6+ 19. Kf1 Qxb2 20. Nd2 Bxc3 0-1

[Event "Politiken Cup 2007"]
[Site "Helsingor"]
[Date "2007.07.23"]
[Round "4.22"]
[White "Hillarp Persson, Tiger"]
[Black "Vas, Peter"]
[Result "1-0"]
[WhiteElo "2568"]
[BlackElo "2166"]
[PlyCount "33"]
[EventDate "2007.??.??"]

1. e4 e5 2. Nf3 Nf6 3. d4 exd4 4. e5 Ne4 5. Qxd4 d5 6. exd6 Nxd6 7. Nc3 Nc6 8.
Qf4 g6 9. Bb5 Bg7 10. Bxc6+ bxc6 11. O-O O-O 12. Be3 Re8 13. Rad1 Ba6 14. Rfe1
Bxc3 15. bxc3 Re4 16. Rxd6 Qe7 17. Rd7 1-0

[Event "Politiken Cup 2007"]
[Site "Helsingor"]
[Date "2007.07.23"]
[Round "4.23"]
[White "Hector, Jonny"]
[Black "Petersen, Steen"]
[Result "1-0"]
[WhiteElo "2550"]
[BlackElo "2165"]
[PlyCount "83"]
[EventDate "2007.??.??"]

1. e4 e5 2. Nc3 Nf6 3. f4 d5 4. fxe5 Nxe4 5. Nf3 Bc5 6. d4 Bb4 7. Bd2 Bg4 8.
Bd3 Bxf3 9. Qxf3 Qh4+ 10. g3 Nxd2 11. Kxd2 Qh6+ 12. Qf4 Qxf4+ 13. gxf4 c5 14.
Ke3 Nc6 15. Nxd5 cxd4+ 16. Ke4 O-O-O 17. a3 Bc5 18. b4 Bf8 19. b5 Ne7 20. Bc4
f5+ 21. exf6 gxf6 22. Nxf6 Bg7 23. Nh5 Bh6 24. Rad1 Rhf8 25. Rhf1 Kc7 26. Rxd4
Rxd4+ 27. Kxd4 Nf5+ 28. Kd3 Nd6 29. Be6 Rd8 30. c4 Nxb5+ 31. Ke4 Nc3+ 32. Kf3
Rd3+ 33. Kg4 Ne2 34. Bf5 Rxa3 35. Re1 Nd4 36. Re7+ Kd6 37. Rxh7 Nxf5 38. Kxf5
Bf8 39. Nf6 Ra5+ 40. Kg4 Be7 41. Ne4+ Kd7 42. f5 1-0

[Event "Politiken Cup 2007"]
[Site "Helsingor"]
[Date "2007.07.23"]
[Round "4.24"]
[White "Karttunen, Mika"]
[Black "Kaaber, Jacob"]
[Result "1-0"]
[WhiteElo "2447"]
[BlackElo "2162"]
[PlyCount "75"]
[EventDate "2007.??.??"]

1. d4 Nf6 2. Bg5 e6 3. e4 h6 4. Bxf6 Qxf6 5. Nc3 d6 6. Qd2 Nd7 7. f4 a6 8. Nf3
Qd8 9. e5 Be7 10. Bd3 b5 11. O-O Nb6 12. Qf2 b4 13. Ne4 Nd5 14. Qg3 g6 15. Rae1
Bb7 16. c4 bxc3 17. bxc3 O-O 18. Rb1 Bc6 19. Nfd2 a5 20. Nc4 Kh7 21. Qh3 Kg7
22. Ne3 Nxe3 23. Qxe3 Bxe4 24. Bxe4 d5 25. Bd3 Rb8 26. g4 c5 27. f5 Bg5 28. Qf2
cxd4 29. cxd4 Rxb1 30. Bxb1 exf5 31. gxf5 h5 32. Kh1 Qc8 33. Rg1 Bh6 34. e6
fxe6 35. Rxg6+ Kh7 36. f6 Rg8 37. Rg7+ Kh8 38. Rh7# 1-0

[Event "Politiken Cup 2007"]
[Site "Helsingor"]
[Date "2007.07.23"]
[Round "4.25"]
[White "Hammer, Jon Ludvig"]
[Black "Soraas, Torben"]
[Result "1/2-1/2"]
[WhiteElo "2412"]
[BlackElo "2155"]
[PlyCount "51"]
[EventDate "2007.??.??"]

1. e4 e6 2. d4 d5 3. Nc3 Bb4 4. e5 Nc6 5. Nf3 b6 6. Qd3 a5 7. Bg5 Qd7 8. Qd2
Nge7 9. a3 Bxc3 10. Qxc3 Ba6 11. Bxa6 Rxa6 12. h4 h6 13. Bf4 a4 14. Qd3 Ra7 15.
h5 Na5 16. O-O-O Nc4 17. Nd2 Qc6 18. Qg3 Nf5 19. Qc3 Ra5 20. g4 Ne7 21. g5 hxg5
22. Bxg5 Nf5 23. h6 gxh6 24. Bf6 Rf8 25. Rh5 Kd7 26. Nxc4 1/2-1/2

[Event "Politiken Cup 2007"]
[Site "Helsingor"]
[Date "2007.07.23"]
[Round "4.26"]
[White "Pedersen, Christian Kyndel"]
[Black "Corke, Anya"]
[Result "0-1"]
[WhiteElo "2392"]
[BlackElo "2149"]
[PlyCount "108"]
[EventDate "2007.??.??"]

1. e4 e6 2. d4 d5 3. Nc3 Nc6 4. Nf3 Nf6 5. e5 Ne4 6. Bd3 Bb4 7. Bd2 Bxc3 8.
bxc3 Nxd2 9. Qxd2 Na5 10. O-O Bd7 11. Qf4 Qe7 12. Qg4 Qf8 13. Ng5 h6 14. Nh3
O-O-O 15. Nf4 g6 16. a4 c5 17. Rfb1 c4 18. Bf1 Qe8 19. Rb4 Kb8 20. Qg3 Ka8 21.
h4 Rc8 22. Qf3 Rc6 23. g3 Ra6 24. Ng2 h5 25. Nf4 Nc6 26. Rb2 Ra5 27. Nh3 Nd8
28. Qf6 Rxa4 29. Rxa4 Bxa4 30. Ra2 Bc6 31. f3 Qf8 32. Nf4 Kb8 33. Kf2 a6 34. g4
hxg4 35. fxg4 Kc7 36. Kg3 Be8 37. g5 Nc6 38. Bh3 Kb8 39. Ra1 Qg8 40. Bg4 a5 41.
h5 gxh5 42. Bxh5 Qf8 43. Rf1 Rg8 44. Nxe6 Qa3 45. Bxf7 Bxf7 46. Qxf7 Qxc3+ 47.
Kg4 Rh8 48. Qf3 Qxc2 49. Rf2 Qh7 50. Qf8+ Rxf8 51. Nxf8 Qe4+ 52. Rf4 Qg2+ 53.
Kf5 c3 54. Rg4 Qf3+ 0-1

[Event "Politiken Cup 2007"]
[Site "Helsingor"]
[Date "2007.07.23"]
[Round "4.27"]
[White "Kovachev, Daniel Jakobsen"]
[Black "Thorfinnsson, Bragi"]
[Result "0-1"]
[WhiteElo "2153"]
[BlackElo "2389"]
[PlyCount "92"]
[EventDate "2007.??.??"]

1. f4 d5 2. Nf3 Nf6 3. g3 g6 4. Bg2 Bg7 5. O-O O-O 6. d3 c5 7. c3 Nc6 8. Na3
Bg4 9. h3 Bxf3 10. Bxf3 e5 11. e4 exf4 12. gxf4 dxe4 13. dxe4 Qc8 14. e5 Rd8
15. Qb3 Ne8 16. Bg4 Qc7 17. Be3 Kh8 18. Nc4 Rab8 19. a4 b6 20. Rad1 f6 21. exf6
Nxf6 22. Bf3 Nh5 23. Qc2 Ng3 24. Rxd8+ Nxd8 25. Re1 Ne6 26. Bd5 Nxf4 27. Bxf4
Qxf4 28. Qf2 Qg5 29. Kh2 Qxd5 30. Qxg3 Rf8 31. b3 Qf5 32. Re2 Qb1 33. Rb2 Qd1
34. Qe3 a6 35. Kg2 Qf1+ 36. Kh2 b5 37. axb5 axb5 38. Ne5 Qd1 39. Kg2 Qd5+ 40.
Nf3 b4 41. Rd2 Qxb3 42. Qxc5 Qxc3 43. Qxc3 Bxc3 44. Rd7 Rb8 45. Nd2 Bxd2 46.
Rxd2 b3 0-1

[Event "Politiken Cup 2007"]
[Site "Helsingor"]
[Date "2007.07.23"]
[Round "4.29"]
[White "Struch, Thomas"]
[Black "Rasmussen, Casper"]
[Result "0-1"]
[WhiteElo "2106"]
[BlackElo "2351"]
[PlyCount "96"]
[EventDate "2007.??.??"]

1. e4 e5 2. Nf3 Nf6 3. Nxe5 d6 4. Nf3 Nxe4 5. Qe2 Qe7 6. d3 Nf6 7. Bg5 Nbd7 8.
Nc3 h6 9. Bd2 Nc5 10. Nb5 Ne6 11. Nfd4 Nxd4 12. Nxd4 Bg4 13. Qxe7+ Bxe7 14. Be2
Bd7 15. Bf3 d5 16. h3 Bd6 17. Ne2 c5 18. Bf4 Ke7 19. O-O-O g5 20. Bxd6+ Kxd6
21. g3 Rae8 22. Rde1 b5 23. Kd2 b4 24. Bg2 Nh5 25. Bf3 Nf6 26. Bg2 Nh5 27. Bf3
Ng7 28. h4 g4 29. Bg2 Nh5 30. d4 c4 31. Nf4 Nxf4 32. gxf4 f6 33. Rhg1 Bf5 34.
Bh1 Rc8 35. Rg3 Rc7 36. Ree3 Rb8 37. Kd1 h5 38. Bg2 Rb6 39. Bf1 Rb8 40. Be2
Rbc8 41. f3 b3 42. axb3 cxb3 43. c3 Rxc3 44. Rxc3 Rxc3 45. Ke1 Rc1+ 46. Kf2 Rc2
47. Ke3 Rxb2 48. fxg4 Rxe2+ 0-1

[Event "Politiken Cup 2007"]
[Site "Helsingor"]
[Date "2007.07.23"]
[Round "4.30"]
[White "Rasmussen, Uffe"]
[Black "Tocklin, Tomi"]
[Result "1-0"]
[WhiteElo "2136"]
[BlackElo "1943"]
[PlyCount "71"]
[EventDate "2007.??.??"]

1. e4 c6 2. d4 d5 3. exd5 cxd5 4. Bd3 Nc6 5. c3 Nf6 6. Bf4 Bg4 7. Qb3 Qc8 8.
Nd2 e6 9. Ngf3 Be7 10. O-O Bh5 11. Rfe1 O-O 12. Bg5 Nd7 13. Qc2 Bg6 14. Bxg6
hxg6 15. Qd3 Qd8 16. Qe3 b5 17. Bxe7 Qxe7 18. Ng5 Rfc8 19. f4 Nf8 20. Qh3 Nd8
21. Re3 f6 22. Ngf3 b4 23. g4 bxc3 24. bxc3 Qa3 25. Nb3 Rab8 26. Nfd2 a5 27. f5
a4 28. Nc5 gxf5 29. gxf5 e5 30. Qg2 e4 31. Rg3 g5 32. fxg6 Rb2 33. g7 Nh7 34.
Qh3 Rxc5 35. Qd7 Rb8 36. Qe8+ 1-0

[Event "Politiken Cup 2007"]
[Site "Helsingor"]
[Date "2007.07.23"]
[Round "4.31"]
[White "Jepson, Christian"]
[Black "Nielsen, Jacob Woge"]
[Result "1-0"]
[WhiteElo "2374"]
[BlackElo "2111"]
[PlyCount "73"]
[EventDate "2007.??.??"]

1. d4 Nf6 2. c4 e6 3. Nc3 Bb4 4. Qb3 c5 5. dxc5 Nc6 6. Nf3 O-O 7. Bg5 h6 8.
Bxf6 Qxf6 9. Rc1 Qe7 10. e3 Bxc5 11. Be2 b6 12. a3 Bb7 13. O-O Rac8 14. Rfd1
Rfd8 15. Qa4 Bd6 16. b4 Bb8 17. Nb1 d5 18. cxd5 exd5 19. Ba6 Ne5 20. Nbd2 Rxc1
21. Rxc1 Ng4 22. Bxb7 Qxb7 23. b5 Nf6 24. Nd4 Ne4 25. Nxe4 dxe4 26. Qc4 Re8 27.
a4 Qd7 28. Qc6 Qe7 29. g3 g6 30. Qd5 Kg7 31. Nc6 Qa3 32. Rc4 Qb3 33. Nxb8 Rxb8
34. Qxe4 Rd8 35. Kg2 Rd2 36. Qe5+ Kh7 37. Rc8 1-0

[Event "Politiken Cup 2007"]
[Site "Helsingor"]
[Date "2007.07.23"]
[Round "4.32"]
[White "Olsen, Heini"]
[Black "Cannon, Richard J"]
[Result "1-0"]
[WhiteElo "2350"]
[BlackElo "2104"]
[PlyCount "119"]
[EventDate "2007.??.??"]

1. Nf3 Nf6 2. c4 e6 3. g3 b6 4. Bg2 Bb7 5. O-O Be7 6. Nc3 d6 7. Re1 Nbd7 8. e4
e5 9. d4 O-O 10. b3 Re8 11. Bb2 Bf8 12. Nd5 Nxd5 13. cxd5 g6 14. Rc1 Bg7 15.
Qc2 Rc8 16. dxe5 dxe5 17. Bh3 Qe7 18. Qd2 a5 19. Rxc7 Rxc7 20. d6 Rc2 21. Qxc2
Qd8 22. Qc7 Nc5 23. Ba3 Qxc7 24. dxc7 Bc8 25. Bxc5 bxc5 26. Bf1 Re7 27. Rd1
Rxc7 28. Rd8+ Bf8 29. Nxe5 Kg7 30. Bc4 f6 31. Nd3 g5 32. f3 h6 33. Kf2 Be7 34.
Re8 Bb7 35. Ke3 Bc6 36. Rb8 Bb7 37. Nb2 Bd6 38. Rg8+ Kh7 39. Rd8 Be5 40. Bg8+
Kg6 41. Nc4 Bd4+ 42. Kd2 f5 43. Bd5 fxe4 44. fxe4 Bc8 45. Rg8+ Kh7 46. Nd6 Bd7
47. Rf8 Bc6 48. Bxc6 Rxc6 49. Nc4 g4 50. Rf7+ Kg6 51. Rf5 Re6 52. Kd3 h5 53.
Rf1 Re7 54. Nxa5 Ra7 55. b4 Ra6 56. a3 Bb2 57. Nc4 Bxa3 58. b5 Ra8 59. b6 Rd8+
60. Kc2 1-0

[Event "Politiken Cup 2007"]
[Site "Helsingor"]
[Date "2007.07.23"]
[Round "4.33"]
[White "Larsen, Karsten"]
[Black "Pedersen, Dimon Paul"]
[Result "1-0"]
[WhiteElo "2325"]
[BlackElo "2092"]
[PlyCount "81"]
[EventDate "2007.??.??"]

1. e4 c5 2. Nf3 Nc6 3. Bb5 g6 4. O-O Bg7 5. Bxc6 dxc6 6. d3 Bg4 7. Nbd2 e5 8.
h3 Bxf3 9. Qxf3 Qe7 10. Nc4 f6 11. Qg3 Nh6 12. f4 Nf7 13. Be3 exf4 14. Bxf4 O-O
15. Rae1 Ne5 16. Bxe5 fxe5 17. a4 Bf6 18. Ra1 Rae8 19. Qg4 Kg7 20. Qe2 Bh4 21.
Rxf8 Rxf8 22. Rf1 Rxf1+ 23. Kxf1 Bg3 24. Qf3 Bf4 25. g3 Bc1 26. a5 Bh6 27. Qg4
Bc1 28. Qc8 h5 29. b3 h4 30. Qb8 Kh6 31. Qh8+ Qh7 32. Qxh7+ Kxh7 33. Nxe5 hxg3
34. Kg2 Bf4 35. Nd7 c4 36. dxc4 Kg7 37. Nc5 Kf6 38. Nxb7 Ke5 39. Nc5 Bd2 40. a6
Be1 41. Nd3+ 1-0

[Event "Politiken Cup 2007"]
[Site "Helsingor"]
[Date "2007.07.23"]
[Round "4.34"]
[White "Borg, Andrew"]
[Black "Christensen, Stefan"]
[Result "1/2-1/2"]
[WhiteElo "2102"]
[BlackElo "2301"]
[PlyCount "90"]
[EventDate "2007.??.??"]

1. Nf3 Nf6 2. c4 b6 3. g3 Bb7 4. Bg2 e6 5. O-O Be7 6. Nc3 O-O 7. Re1 Ne4 8.
Nxe4 Bxe4 9. d3 Bb7 10. e4 c5 11. d4 cxd4 12. Nxd4 d6 13. b3 a6 14. Bb2 Nd7 15.
Qe2 Qc7 16. Rad1 Rac8 17. h3 Qb8 18. Kh2 Rfe8 19. Qd2 Bf8 20. Re2 Red8 21. Qe1
Qa8 22. Bc1 Nc5 23. Ba3 d5 24. cxd5 exd5 25. e5 Ne4 26. Bxf8 Rxf8 27. Rc1 Rxc1
28. Qxc1 Qb8 29. f4 Rc8 30. Qe1 g6 31. Qb4 b5 32. h4 Qc7 33. Rc2 Qd8 34. Bh3
Rxc2+ 35. Nxc2 Qc7 36. Nd4 Qc1 37. Bg2 Qe3 38. Bxe4 dxe4 39. Qe7 Qxd4 40. Qxb7
e3 41. e6 fxe6 42. Qe7 Qd2+ 43. Kh3 Qd5 44. Qe8+ Kg7 45. Qe7+ Kg8 1/2-1/2

[Event "Politiken Cup 2007"]
[Site "Helsingor"]
[Date "2007.07.23"]
[Round "4.35"]
[White "Kjartansson, Gudmundur"]
[Black "Jensen, Michael Agermose"]
[Result "1-0"]
[WhiteElo "2306"]
[BlackElo "2086"]
[PlyCount "53"]
[EventDate "2007.??.??"]

1. e4 c5 2. Nf3 g6 3. d4 cxd4 4. Nxd4 Nf6 5. Nc3 d6 6. Be3 Bg7 7. f3 Nc6 8. Qd2
O-O 9. O-O-O Nxd4 10. Bxd4 Be6 11. Kb1 Qc7 12. h4 Rfc8 13. h5 Qa5 14. hxg6 hxg6
15. a3 Rab8 16. Be2 Bc4 17. g4 Bxe2 18. Qxe2 e5 19. Be3 Rxc3 20. Bd2 Rxc2 21.
Kxc2 Qa4+ 22. Kb1 d5 23. Qh2 Nxg4 24. Qh7+ Kf8 25. Bb4+ Qxb4 26. axb4 Nf2 27.
exd5 1-0

[Event "Politiken Cup 2007"]
[Site "Helsingor"]
[Date "2007.07.23"]
[Round "4.37"]
[White "Andersen, Lars Rene"]
[Black "Van Eijk, Sander"]
[Result "0-1"]
[WhiteElo "2081"]
[BlackElo "2274"]
[PlyCount "79"]
[EventDate "2007.??.??"]

1. e4 c5 2. Nf3 Nc6 3. d4 cxd4 4. Nxd4 Qb6 5. Nb3 Nf6 6. Nc3 e6 7. a3 a6 8. Be2
Be7 9. O-O d6 10. Be3 Qc7 11. f4 b5 12. Kh1 Bb7 13. Qd2 O-O 14. Rad1 Rfd8 15.
Qe1 Nd7 16. Qg3 Bf8 17. f5 Nde5 18. f6 Kh8 19. Bg5 Re8 20. Qh4 Ng6 21. Qh5 Nce5
22. Nd4 gxf6 23. Bxf6+ Bg7 24. Bxg7+ Kxg7 25. Bxb5 axb5 26. Ncxb5 Qb6 27. Nxd6
Rf8 28. Qg5 Kg8 29. Nxb7 Qxb7 30. h4 Qe7 31. Qxe7 Nxe7 32. Rb1 Nc4 33. Rf3 Ng6
34. Rg3 Kh8 35. h5 Nf4 36. Ra1 Rg8 37. Rxg8+ Rxg8 38. b3 Ne3 39. a4 Nxh5 40. a5
{time} 0-1

[Event "Politiken Cup 2007"]
[Site "Helsingor"]
[Date "2007.07.23"]
[Round "4.38"]
[White "Jacobsen, Per"]
[Black "Agdestein, Einar Døving"]
[Result "1/2-1/2"]
[WhiteElo "1730"]
[BlackElo "1314"]
[PlyCount "74"]
[EventDate "2007.??.??"]

1. b3 e5 2. Bb2 Nc6 3. e3 a6 4. Nf3 d6 5. Be2 f5 6. d4 e4 7. Nfd2 Nf6 8. O-O
Ne7 9. c4 c6 10. Nc3 d5 11. Rc1 g5 12. cxd5 Nfxd5 13. Nxd5 cxd5 14. Ba3 g4 15.
Qc2 Bd7 16. Qc7 Qxc7 17. Rxc7 Bc6 18. Bc5 Nc8 19. Bxf8 Kxf8 20. f3 gxf3 21.
gxf3 exf3 22. Nxf3 Ne7 23. Ne5 Ke8 24. Nxc6 bxc6 25. Rb7 a5 26. Bh5+ Kd8 27.
Bf7 Rf8 28. Bh5 Rg8+ 29. Kh1 Rg7 30. Rg1 Rxg1+ 31. Kxg1 a4 32. Bd1 axb3 33.
Bxb3 Ke8 34. Kg2 Kf7 35. Kf3 Kf6 36. a4 h6 37. Rb6 h5 1/2-1/2

[Event "Politiken Cup 2007"]
[Site "Helsingor"]
[Date "2007.07.23"]
[Round "4.39"]
[White "Roder, Peter"]
[Black "Tuominen, Risto"]
[Result "0-1"]
[WhiteElo "2080"]
[BlackElo "2272"]
[PlyCount "96"]
[EventDate "2007.??.??"]

1. e4 c5 2. Nf3 d6 3. d4 cxd4 4. Nxd4 Nf6 5. Nc3 a6 6. Be2 e5 7. Nb3 Be7 8. Be3
O-O 9. O-O Be6 10. Qd3 Nbd7 11. Nd5 Bxd5 12. exd5 b5 13. a4 bxa4 14. Rxa4 Nb6
15. Ra5 Qc7 16. c4 Rfc8 17. Rc1 Nfd7 18. Rca1 Qxc4 19. Qd1 Qc2 20. Bxa6 Qxd1+
21. Rxd1 Rc2 22. Bc1 Nf6 23. Bd3 Rxa5 24. Nxa5 Rc7 25. Bd2 Nfxd5 26. b4 Na4 27.
Rb1 Nac3 28. Rb3 Na4 29. Bb5 Rc2 30. Be1 Rc1 31. Kf1 Nab6 32. Bc6 Bg5 33. Rb2
Nf4 34. Rb3 Ne6 35. Rc3 Rb1 36. Rb3 Ra1 37. Rb2 Nd4 38. Be4 d5 39. Rb1 Ra2 40.
Bd3 e4 41. Ba6 Nc2 42. Bb7 f5 43. Rd1 d4 44. Nb3 Nxe1 45. Kxe1 d3 46. Rb1 Kf8
47. Nc5 Bd2+ 48. Kd1 Bc3 0-1

[Event "Politiken Cup 2007"]
[Site "Helsingor"]
[Date "2007.07.23"]
[Round "4.40"]
[White "Thomassen, Joachim"]
[Black "Holm, Sejer"]
[Result "1/2-1/2"]
[WhiteElo "2075"]
[BlackElo "2262"]
[PlyCount "69"]
[EventDate "2007.??.??"]

1. d4 d5 2. c4 e6 3. Nf3 c5 4. cxd5 exd5 5. Nc3 Nc6 6. g3 c4 7. Bg2 Bb4 8. O-O
Nge7 9. e4 dxe4 10. Nxe4 Bg4 11. a3 Ba5 12. Nc5 Rb8 13. Bf4 Bc7 14. Bxc7 Qxc7
15. Rc1 Rd8 16. Rxc4 b5 17. Rc3 Nxd4 18. Nb3 Qxc3 19. bxc3 Nxf3+ 20. Bxf3 Rxd1
21. Bxd1 Be6 22. Nd4 Bc4 23. Re1 Kd7 24. a4 a6 25. axb5 Bxb5 26. Nxb5 axb5 27.
Re5 Rb8 28. Rxb5 Rxb5 29. Ba4 Kc6 30. c4 Kc5 31. Bxb5 Nf5 32. Kg2 Nd6 33. Kf3
Nxb5 34. cxb5 Kxb5 35. Ke4 1/2-1/2

[Event "Politiken Cup 2007"]
[Site "Helsingor"]
[Date "2007.07.23"]
[Round "4.41"]
[White "Teplyi, Igor"]
[Black "Strand, Kjetil"]
[Result "1-0"]
[WhiteElo "2250"]
[BlackElo "2081"]
[PlyCount "107"]
[EventDate "2007.??.??"]

1. d4 d5 2. Nf3 Nf6 3. c4 c6 4. Nc3 dxc4 5. a4 Bf5 6. e3 e6 7. Bxc4 Bb4 8. O-O
Nbd7 9. Qe2 O-O 10. e4 Bg6 11. Bd3 Bh5 12. e5 Nd5 13. Nxd5 cxd5 14. Qe3 Be7 15.
Bd2 a5 16. Ne1 Qb6 17. Bb5 Nb8 18. Nd3 Nc6 19. Nc5 Bxc5 20. dxc5 Qc7 21. f4 Bg6
22. Qf2 Be4 23. Bc3 Rac8 24. Rfc1 Rfd8 25. Qe1 Ra8 26. Ra3 Bf5 27. Qf1 Qe7 28.
Be1 Rdc8 29. Qf2 h6 30. Bc3 Kh8 31. Bd4 Rg8 32. Bd3 Bxd3 33. Rxd3 Rgc8 34. Rcc3
Ra6 35. Rd1 Nb4 36. Rf1 Kg8 37. Rg3 Nc6 38. Bc3 Rd8 39. Bd2 Kh8 40. Rh3 Kh7 41.
g4 f6 42. exf6 Qxf6 43. g5 Qxb2 44. f5 Ne7 45. gxh6 Nxf5 46. hxg7+ Kg6 47. Kh1
Rg8 48. Qe2 Qf6 49. Rh6+ Nxh6 50. Qg2+ Kf7 51. Rxf6+ Kxf6 52. Bxh6 Rc6 53. h4
Rxc5 54. Qf2+ 1-0

[Event "Politiken Cup 2007"]
[Site "Helsingor"]
[Date "2007.07.23"]
[Round "4.42"]
[White "Getz, Nicolai"]
[Black "Coleman, Teddy"]
[Result "0-1"]
[WhiteElo "2060"]
[BlackElo "2248"]
[PlyCount "69"]
[EventDate "2007.??.??"]

1. e4 c5 2. Nf3 e6 3. d4 cxd4 4. Nxd4 a6 5. Nc3 Qc7 6. Bd3 Bd6 7. h3 Nc6 8.
Nxc6 dxc6 9. O-O e5 10. Ne2 Nf6 11. Ng3 O-O 12. Bg5 Be7 13. Qd2 Rd8 14. Qc3 h6
15. Be3 Be6 16. a4 a5 17. Bc4 Bb4 18. Qb3 Bxc4 19. Qxc4 Bd2 20. Qb3 Bxe3 21.
Qxe3 Rd7 22. Nf5 Kh7 23. Rad1 Rad8 24. Rxd7 Rxd7 25. g4 Qd8 26. g5 Nh5 27. gxh6
g6 28. Ng3 Nf4 29. Kh2 Rd2 30. Qb3 Qd7 31. Nh1 Rd3 32. Qxd3 Nxd3 33. Rd1 Qd4
34. Rxd3 Qxb2 35. Rd7 0-1

[Event "Politiken Cup 2007"]
[Site "Helsingor"]
[Date "2007.07.23"]
[Round "4.43"]
[White "Roelvaag, Mikael"]
[Black "Hensbergen, Willem"]
[Result "1/2-1/2"]
[WhiteElo "2245"]
[BlackElo "2076"]
[PlyCount "36"]
[EventDate "2007.??.??"]

1. d4 Nf6 2. c4 c5 3. d5 e6 4. Nc3 exd5 5. cxd5 d6 6. e4 g6 7. f3 Bg7 8. Bg5
O-O 9. Qd2 Na6 10. Nge2 Nc7 11. Nc1 a6 12. a4 Bd7 13. a5 Re8 14. Be2 Nb5 15.
O-O Nd4 16. Bc4 Bb5 17. b3 b6 18. axb6 Qxb6 1/2-1/2